| 000 | 00446nam a22001577a 4500 | ||
|---|---|---|---|
| 003 | OSt | ||
| 005 | 20140310182500.0 | ||
| 008 | 130806t xxu||||| |||| 00| 0 eng d | ||
| 050 |
_aQA 154.3 _b.Si621 2008 |
||
| 100 |
_aSirug, Winston S. _98609 |
||
| 245 |
_aCollege algebra / _cWinston S. Sirug. |
||
| 260 |
_aIntramuros, Manila : _bMindshapers Co., Inc., _c2008 |
||
| 300 |
_ax. 396 p. ; _bill. ; _c26 cm. |
||
| 942 |
_2lcc _cSSLC |
||
| 999 |
_c13795 _d13795 |
||